| 000 | 01081nam a2200301 4500 | ||
|---|---|---|---|
| 001 | 0000019650 | ||
| 003 | CO-CtgCURN | ||
| 005 | 20250331185230.0 | ||
| 007 | ta | ||
| 008 | 160627s2000 000 0 eng d | ||
| 020 | _a970102530X | ||
| 040 |
_aCO-CtgCURN _bspa _ccoctgcurn |
||
| 082 | 0 |
_a617.7 _bV15s |
|
| 100 | 1 | _aVander, James F. | |
| 245 | 1 | 0 |
_aSecretos de la oftalmología / _cJames F. Vander, Janice A. Gault , traducción Martha Elena Araiza M. |
| 260 |
_aMexico : _bMcGraw-Hill, _c2000. |
||
| 300 | _a404 p. | ||
| 336 | _2rdacontent | ||
| 337 |
_2rdamedia _asin mediacion _bn |
||
| 338 |
_2rdacarrier _avolumen _bnc |
||
| 500 | _aTitulo original. Ophthalmology secrets. | ||
| 505 | 8 | _aCornea y enfermedades externas.--Glaucoma.--Cataratas.--Desviaciones oculares. Neurooftalmología.--Cataratas.--Desviaciones oculares.--Uveitis.--Retina.--Neoplasis | |
| 650 | 1 | 4 | _aEnfermedades de la retina. |
| 700 | 1 | _aGault, Janice A. | |
| 908 | _a160627 | ||
| 942 |
_cBK _h617.7 _iV15s _2ddc |
||
| 999 |
_c23511 _d23511 |
||